History Quiz

Random History or Country Quiz

World Leaders in 2000 Quiz Stats

 Plays Quiz Updated Jul 14, 2016

Also try: World Leaders A-Z
Challenge
Share
Tweet
Score 0/30 Timer 08:00
3 Plays Today
% Correct
Vladimir Putin
98.8%
Bill Clinton
97.8%
Kim Jong-il
92.5%
Saddam Hussein
91.4%
Muammar Gaddafi
80.6%
Fidel Castro
78.9%
John Paul II
77.4%
Tony Blair
74.4%
Robert Mugabe
62.1%
Hugo Chávez
58.7%
Hosni Mubarak
48.5%
Jacques Chirac
46.1%
Abdullah II
24.6%
Gerhard Schröder
20.6%
Václav Havel
20.6%
% Correct
Thabo Mbeki
18.2%
John Howard
18%
Alberto Fujimori
16%
Kim Dae-jung
15.4%
Ehud Barak
14.9%
Omar al-Bashir
13.9%
Alexander Lukashenko
13.9%
Charles Taylor
12.9%
Jean Chrétien
12.5%
Jiang Zemin
11.1%
Fahd
10.3%
Helen Clark
7.6%
Mohammad Khatami
7.1%
Than Shwe
4.2%
Ernesto Zedillo
2.9%

You're not logged in!

Compare scores with friends on all Sporcle quizzes.
Join for Free
OR
Log In

You Might Also Like...

Show Comments

Extras

Top Quizzes Today


Score Distribution

Your Account Isn't Verified!

In order to create a playlist on Sporcle, you need to verify the email address you used during registration. Go to your Sporcle Settings to finish the process.

Report this User

Report this user for behavior that violates our Community Guidelines.

Details: